LIBRARY & INFORMATION CENTRE, KCAET, TAVANUR

ONLINE PUBLIC ACCESS CATALOGUE (OPAC)

Biogas systems:Principles and applications / (Record no. 11083)

MARC details
000 -LEADER
fixed length control field 00428cam a2200157ua 4500
003 - CONTROL NUMBER IDENTIFIER
control field OSt
008 - FIXED-LENGTH DATA ELEMENTS--GENERAL INFORMATION
fixed length control field 180915b ||||| |||| 00| 0 eng d
020 ## - INTERNATIONAL STANDARD BOOK NUMBER
ISBN 81 224 0947 4
082 ## - DEWEY DECIMAL CLASSIFICATION NUMBER
Classification number 621.47
Item number MIT/BI
100 ## - MAIN ENTRY--AUTHOR NAME
Personal name Mittal, K M .
245 ## - TITLE STATEMENT
Title Biogas systems:Principles and applications /
260 ## - PUBLICATION, DISTRIBUTION, ETC. (IMPRINT)
Place of publication New Delhi :
Name of publisher New Age International Ltd ,
Year of publication 1996.
300 ## - PHYSICAL DESCRIPTION
Number of Pages 412 ; .
500 ## - GENERAL NOTE
General note 20200-01 Scheme
942 ## - ADDED ENTRY ELEMENTS (KOHA)
Koha item type Books
Holdings
Withdrawn status Lost status Damaged status Home library Current library Shelving location Date acquired Full call number Accession Number Koha item type
      KAUAET KAUAET Scheme 07/04/2012 665.776 MIT/BI 20200 Book Bank scheme for SC students
      KAUAET KAUAET Scheme 07/04/2012 665.776 MIT/BI 20201 Book Bank scheme for SC students
      KAUAET KAUAET Shelf- 7A 07/04/2012 621.47 MIT/BI 20006 Books
free website counter